01823cam a2200313 a 450000100090000000300040000900500170001300800410003001000170007102000250008804000180011304200080013104300120013905000160015110000340016724501440020125000120034526000590035730000390041650507100045565000290116565000230119470000190121785600840123690600450132094200120136599900160137795201160139317196855OSt20210414114203.0120306s2012 enkak 000 0 eng  a 2012934751 a9780199652945 (pbk.) aDLCcDLCdDLC apcc ae-uk---00aKD7453.R67 1 aRose, William M.,d1949-2007.10aPleadings without tears :ba guide to legal drafting under the civil procedure rules. /cWilliam Rose, updated and edited by Roger Eastman. a8th ed. aOxford, U. K. ;bOxford University Press Inc.,c2012. ax, 366 p. :bill., forms ;c23 cm. aContents: Foreword -- Preface -- Introduction -- Pillars of understanding (general principles) -- Getting the show on the road (the claim) -- Making a fight of it (the defence and counterclaim) -- The right to reply (the reply) -- Don't answer back (rejoinder etc) -- Pray-tell me (the request for further information) --- Just to let you know (the answer to a request for further information) -- Come and join in (additional claims against third parties) Pieces of eight (the part 8 procedure) -- To tell you the truth (witness statements and odd affidavit) -- Just a minute (minutes and agreed orders) -- Bones of contention (the skeleton argument) -- A matter of opinions (opinion writing) -- Epilogue. 0aPleadingzGreat Britain. 0aLegal composition.1 aEastman, Roger413Table of contents onlyuhttp://www.loc.gov/catdir/toc/fy13pdf01/2012934751.html a7bcbccorigcopd2eepcnf20gy-gencatlg 2lcccBK c2701d10201 00102lcc4070aWIUC-1bWIUC-1cLLd2013-12-02l0oKD7453.R67p1006/13r2013-12-02 00:00:00t1w2013-12-02yBK